fauna de las montañas españolas - Estadísticas

Estadísticas generales
  • Esta prueba ha sido intentada 136 veces
  • La puntuación promedio es 4 de 12
Estadísticas de respuestas
Lugar Especie % Correcto
Pirineos/ Cordillera Cantábrica Oso
94%
Cordillera Cantábrica/ Sistema Ibérico/ Sistema Central Lobo
83%
Sistema Central/ Pirineos/ Sistema Bético Cabra Montés
52%
Pirineos/ Cordillera Cantábrica Rebeco
41%
Pirineos/ Cordillera Cantábrica Quebrantahuesos
35%
Pirineos/ C. Cantábrica/ Sist. Bético, Central e Ibérico Águila Real
32%
Sistema Bético/ Sistema Central/ Pirineos Muflón
32%
Pirineos Marmota
23%
Sistema Bético Arrui
12%
Pirineos/ Cordillera Cantábrica/ Sistema Bético e Ibérico Alimoche
6%
Pirineos/ Sistema Ibérico Víbora Áspid
6%
Sistema Central Sapo de Gredos
2%
No se encontraron pruebas coincidentes
Distribución de puntuación
Porcentaje de gente con cada puntuación
Porcentaje por número respondido
Historial de tus puntuaciones
No has intentado esta prueba.